| 000 | 01913nam a2200373 a 4500 | ||
|---|---|---|---|
| 001 | ebr10524576 | ||
| 003 | CaPaEBR | ||
| 006 | m u | ||
| 007 | cr cn||||||||| | ||
| 008 | 120123s2012 si c sb 110 0 eng d | ||
| 010 | _z 2011293885 | ||
| 020 | _z9814355593 | ||
| 020 | _z9789814355599 | ||
| 020 | _z9789814355605 (e-book) | ||
| 040 |
_aCaPaEBR _cCaPaEBR |
||
| 035 | _a(OCoLC)774956280 | ||
| 050 | 1 | 4 |
_aQA440 _b.G46 2012eb |
| 245 | 0 | 0 |
_aGeometry and analysis of automorphic forms of several variables _h[electronic resource] : _bproceedings of the international symposium in honor of Takayuki Oda on the occasion of his 60th birthday, Tokyo, Japan, 14-17 September, 2009 / _ceditors, Yoshinori Hamahata ... [et al.]. |
| 260 |
_aSingapore ; _aHackensack, N.J. : _bWorld Scientific, _cc2012. |
||
| 300 |
_ax, 377 p. : _bport. |
||
| 490 | 1 |
_aSeries on number theory and its application, _x1793-3161 ; _vv. 7 |
|
| 500 | _a"Proceedings of the International Symposium "Geometry and Analysis of Automorphic Forms of Several Variables" ... consists of selected papers by the principal speakers of the symposium"--Preface. | ||
| 504 | _aIncludes bibliographical references. | ||
| 533 |
_aElectronic reproduction. _bPalo Alto, Calif. : _cebrary, _d2013. _nAvailable via World Wide Web. _nAccess may be limited to ebrary affiliated libraries. |
||
| 650 | 0 |
_aGeometry _vCongresses. |
|
| 650 | 0 |
_aAutomorphic forms _vCongresses. |
|
| 655 | 7 |
_aElectronic books. _2local |
|
| 700 | 1 | _aOda, Takayuki. | |
| 700 | 1 | _aHamahata, Yoshinori. | |
| 710 | 2 | _aebrary, Inc. | |
| 711 | 2 |
_aInternational Symposium [on] Geometry and Analysis of Automorphic Forms of Several Variables _d(2009 : _cTokyo, Japan) |
|
| 830 | 0 |
_aSeries on number theory and its application ; _vv. 7. |
|
| 856 | 4 | 0 |
_uhttp://site.ebrary.com/lib/rucke/Doc?id=10524576 _zAn electronic book accessible through the World Wide Web; click to view |
| 999 |
_c143390 _d143390 |
||